01151cam a2200313 i 450000100090000000300040000900500170001300800410003001000170007102000370008803500130012504000280013804200080016605000200017408200120019424501190020626400590032530000230038433600210040733700250042833800230045350400570047665000400053370000510057390600450062494200120066999900170068195201390069817959479OSt20260316145158.0131201s2014 ilu b 000 0 eng  a 2013047716 a9780830840441qpbk. : alk. paper a17959479 aDLCbengcDLCerdadDLC apcc00aBT77b.T44 201400a23022300aTheology questions everyone asks :bChristian faith in plain language /cedited by Gary M. Burge and David Lauber. 1aDowners Grove, Illinois :bInterVarsity Press,c[2014] a202 pages ;c23 cm atext2rdacontent aunmediated2rdamedia avolume2rdacarrier aIncludes bibliographical references (pages 201-202). 0aTheology, DoctrinalvPopular works.1 aBurge, Gary M.,d1952-eeditor of compilation. a7bcbccorignewd1eecipf20gy-gencatlg 2lcccBK c21476d21475 00102lcc70aKABUbKABUcGENd2026-03-16eDonationi2025/3345l0oBT77 .T44 2014 C.1p38646r2026-03-16 14:53:39tC.1w2026-03-16yBK